International law in the Middle East : (Record no. 17337)
[ view plain ]
| 000 -LEADER | |
|---|---|
| fixed length control field | 01945cam a22003495i 4500 |
| 001 - CONTROL NUMBER | |
| control field | 012966346 |
| 003 - CONTROL NUMBER IDENTIFIER | |
| control field | EG-ScBUE |
| 005 - DATE AND TIME OF LATEST TRANSACTION | |
| control field | 20191202132745.0 |
| 008 - FIXED-LENGTH DATA ELEMENTS--GENERAL INFORMATION | |
| fixed length control field | 040305t20042004enkab f b 001 0 eng d |
| 020 ## - INTERNATIONAL STANDARD BOOK NUMBER | |
| International Standard Book Number | 0754624366 |
| 020 ## - INTERNATIONAL STANDARD BOOK NUMBER | |
| International Standard Book Number | 9780754624363 |
| 040 ## - CATALOGING SOURCE | |
| Original cataloging agency | EG-ScBUE |
| Language of cataloging | eng |
| Description conventions | rda |
| Transcribing agency | EG-ScBUE |
| Modifying agency | EG-ScBUE |
| -- | EG-ScBUE |
| 082 04 - DEWEY DECIMAL CLASSIFICATION NUMBER | |
| Classification number | 341.26 |
| Item number | ALL |
| Edition number | 22 |
| 100 1# - MAIN ENTRY--PERSONAL NAME | |
| Personal name | Allain, Jean, |
| Dates associated with a name | 1965- |
| Relator term | author. |
| 9 (RLIN) | 32759 |
| 245 10 - TITLE STATEMENT | |
| Title | International law in the Middle East : |
| Remainder of title | closer to power than justice / |
| Statement of responsibility, etc | Jean Allain, Queen's University, Belfast. |
| 264 #1 - PUBLICATION, DISTRIBUTION, ETC. (IMPRINT) | |
| Place of publication, distribution, etc | Hants, England ; |
| -- | Burlington, Vermont : |
| Name of publisher, distributor, etc | Ashgate Publishing Limited, |
| Date of publication, distribution, etc | [2004] |
| 264 #4 - PUBLICATION, DISTRIBUTION, ETC. (IMPRINT) | |
| Date of publication, distribution, etc | c2004 |
| 300 ## - PHYSICAL DESCRIPTION | |
| Extent | xxii, 353 pages : |
| Other physical details | illustratios, maps ; |
| Dimensions | 24 cm |
| 336 ## - CONTENT TYPE | |
| Content type term | text |
| Content type code | txt |
| Source | rdacontent |
| 337 ## - MEDIA TYPE | |
| Media type term | unmediated |
| Media type code | n |
| Source | rdamedia |
| 338 ## - CARRIER TYPE | |
| Carrier type term | volume |
| Carrier type code | nc |
| Source | rdacarrier |
| 504 ## - BIBLIOGRAPHY, ETC. NOTE | |
| Bibliography, etc | Includes bibliographical references and index. |
| 505 0# - FORMATTED CONTENTS NOTE | |
| Formatted contents note | Beyond positivism : denial of Kurdish self-determination -- Imperial attitude toward the Suez Canal -- Disregard for international law in the evolution towards the formation of the state of Israel -- Lack of enforcement of international law and the abandonment of Palestinian refugees -- Selective enforcement of international law : the Security Council and its varied responses to a decade of aggression (1980-90) -- Punitive in extremis : United Nations' Iraqi sanctions -- Internalizing the requirements of international law : perpetual states of emergency in Egypt and Syria -- A stream apart : peaceful settlements in the Middle East. |
| 610 #7 - SUBJECT ADDED ENTRY--CORPORATE NAME | |
| Corporate name or jurisdiction name as entry element | United Nations |
| Geographic subdivision | Middle East. |
| Source of heading or term | BUEsh |
| 9 (RLIN) | 32760 |
| 650 #7 - SUBJECT ADDED ENTRY--TOPICAL TERM | |
| Topical term or geographic name as entry element | International law |
| Geographic subdivision | Middle East. |
| Source of heading or term | BUEsh |
| 9 (RLIN) | 32761 |
| 650 #7 - SUBJECT ADDED ENTRY--TOPICAL TERM | |
| Topical term or geographic name as entry element | Kurds |
| General subdivision | Legal status, laws, etc. |
| Source of heading or term | BUEsh |
| 9 (RLIN) | 32762 |
| 650 #7 - SUBJECT ADDED ENTRY--TOPICAL TERM | |
| Topical term or geographic name as entry element | Self-determination, National. |
| Source of heading or term | BUEsh |
| 9 (RLIN) | 32763 |
| 651 #7 - SUBJECT ADDED ENTRY--GEOGRAPHIC NAME | |
| Geographic name | Middle East |
| General subdivision | International status. |
| Source of heading or term | BUEsh |
| 9 (RLIN) | 32764 |
| 653 ## - INDEX TERM--UNCONTROLLED | |
| Resource For college | MASTER - Political Science |
| Arrived date list | February2013 |
| -- | November2019 |
| 655 ## - INDEX TERM--GENRE/FORM | |
| Form subdivision | Reading book |
| 942 ## - ADDED ENTRY ELEMENTS (KOHA) | |
| Source of classification or shelving scheme | Dewey Decimal Classification |
| Koha item type | Book - Borrowing |
| Withdrawn status | Lost status | Source of classification or shelving scheme | Damaged status | Not for loan | Collection code | Home library | Current library | Shelving location | Date acquired | Source of acquisition | Total Checkouts | Total Renewals | Full call number | Barcode | Date last seen | Date checked out | Price effective from | Koha item type | Cost, normal purchase price | Cost, replacement price |
|---|---|---|---|---|---|---|---|---|---|---|---|---|---|---|---|---|---|---|---|---|
| Dewey Decimal Classification | Baccah | Central Library | Central Library | First floor | 28/02/2013 | 8 | 30 | 341.26 ALL | 000028413 | 15/07/2025 | 21/10/2019 | 28/02/2013 | Book - Borrowing | |||||||
| Dewey Decimal Classification | Baccah | Central Library | Central Library | First floor | 20/11/2019 | Purchase | 1 | 23 | 341.26 ALL | 000044695 | 15/07/2025 | 26/11/2023 | 20/11/2019 | Book - Borrowing | 1730.00 | 2162.50 |